[Event "Lisbon Portugal rapid op"]
[Site "Lisbon"]
[Date "2017.02.11"]
[Round "7"]
[White "Costa, Paulo Jorge Lopes"]
[Black "Pena, Helio Adelino Silva"]
[Result "1-0"]
[WhiteElo "2114"]
[BlackElo "1889"]
[PlyCount "97"]
[EventDate "2017.02.11"]
[EventType "swiss (rapid)"]
[EventRounds "8"]
[EventCountry "POR"]
[SourceTitle "CBM 176 Extra"]
[Source "ChessBase"]
[SourceDate "2017.03.02"]
[SourceVersion "1"]
[SourceVersionDate "2017.03.02"]
[SourceQuality "1"]

1. d4 Nf6 2. Nf3 g6 3. g3 Bg7 4. Bg2 0-0 5. 0-0 d5 6. c4 c6 7. cxd5 cxd5 8. Nc3 Nc6 9. Ne5 e6 10. Be3 Nxe5 11. dxe5 Ng4 12. Bc5 Re8 13. f4 b6 14. Bd4 Ba6 15. Qa4 Bb7 16. Rac1 Bf8 17. Nb5 Re7 18. Nd6 Rd7 19. Nxb7 Rxb7 20. Rfd1 Rc8 21. h3 Nh6 22. g4 Rbc7 23. Bc3 Bc5+ 24. Kh1 Qh4 25. Be1 Bf2 26. Rxc7 Rxc7 27. Qe8+ Kg7 28. Bb4 Ng8 29. f5 Be3 30. f6+ Kh8 31. Bd6 Rc1 32. Qa4 Rxd1+ 33. Qxd1 Bh6 34. Qf1 Qg3 35. Qf3 Qe1+ 36. Bf1 Qh4 37. Kg2 Bd2 38. b4 d4 39. b5 Be3 40. Qg3 Qxg3+ 41. Kxg3 h5 42. Bb8 g5 43. gxh5 Nh6 44. Kf3 Bg1 45. Ke4 Nf5 46. Kd3 Ne3 47. Bxa7 Nxf1 48. Bxb6 Ne3 49. Bxd4 1-0

[Event "Lisbon Portugal rapid op"]
[Site "Lisbon"]
[Date "2017.02.11"]
[Round "6"]
[White "Pena, Helio Adelino Silva"]
[Black "Pipiras, Filipa Fortuna"]
[Result "1-0"]
[WhiteElo "1889"]
[BlackElo "1588"]
[PlyCount "157"]
[EventDate "2017.02.11"]
[EventType "swiss (rapid)"]
[EventRounds "8"]
[EventCountry "POR"]
[SourceTitle "CBM 176 Extra"]
[Source "ChessBase"]
[SourceDate "2017.03.02"]
[SourceVersion "1"]
[SourceVersionDate "2017.03.02"]
[SourceQuality "1"]

1. e4 e5 2. Nf3 Nc6 3. Bc4 Bc5 4. 0-0 Nf6 5. d3 d6 6. Bg5 h6 7. Bh4 Bd7 8. c3 0-0 9. h3 Be6 10. Nbd2 Bb6 11. Nh2 Nb8 12. a4 a6 13. Ng4 Nbd7 14. Nxf6+ Nxf6 15. Qf3 Qe7 16. Bxf6 Qxf6 17. Qxf6 gxf6 18. Kh2 f5 19. exf5 Bxf5 20. Ne4 Bxe4 21. dxe4 Kh7 22. f4 f6 23. f5 c6 24. Be6 Rad8 25. Rad1 Bc7 26. Rd2 Rde8 27. b4 b5 28. Ra2 Re7 29. axb5 axb5 30. Rfa1 Rfe8 31. g4 Rd8 32. Ra6 c5 33. bxc5 dxc5 34. Bd5 Bd6 35. Rb6 b4 36. cxb4 cxb4 37. Raa6 Red7 38. Kg3 Be7 39. Re6 Kg7 40. Kh4 Rc7 41. Rab6 Rcd7 42. Kh5 Rc7 43. Rbc6 Rcd7 44. h4 Ra7 45. g5 hxg5 46. hxg5 Rh8+ 47. Kg4 Rf8 48. g6 Rb8 49. Rc2 Rf8 50. Rh2 Rh8 51. Rxh8 Kxh8 52. Rb6 Rd7 53. Ra6 Bd8 54. Kf3 Kg7 55. Ke2 Rc7 56. Kd2 Rd7 57. Kc2 Rc7+ 58. Kb3 Rc8 59. Ra7+ Rc7 60. Ra8 Rd7 61. Kxb4 Be7+ 62. Kb5 Bf8 63. Ra1 Be7 64. Rh1 Rxd5+ 65. exd5 e4 66. Re1 Bd6 67. Rxe4 Be5 68. Kc6 Kh6 69. d6 Bxd6 70. Kxd6 Kg5 71. g7 Kxf5 72. Re1 Kg6 73. g8Q+ Kf5 74. Qe6+ Kf4 75. Rf1+ Kg3 76. Qg8+ Kh2 77. Qg1+ Kh3 78. Rxf6 Kh4 79. Rh6# 1-0

[Event "Lisbon Portugal op"]
[Site "Lisbon"]
[Date "2017.02.06"]
[Round "5"]
[White "Dias, Ricardo Pedro Cruz"]
[Black "Pena, Helio Adelino Silva"]
[Result "1-0"]
[WhiteElo "2119"]
[BlackElo "1889"]
[PlyCount "55"]
[EventDate "2017.02.04"]
[EventType "swiss"]
[EventRounds "9"]
[EventCountry "POR"]
[SourceTitle "CBM 176 Extra"]
[Source "ChessBase"]
[SourceDate "2017.03.02"]
[SourceVersion "1"]
[SourceVersionDate "2017.03.02"]
[SourceQuality "1"]

1. e4 c5 2. Nf3 Nc6 3. d4 cxd4 4. Nxd4 g6 5. Nc3 Bg7 6. Be3 a6 7. Bc4 e6 8. Bb3 Nge7 9. Qd2 0-0 10. 0-0-0 Qa5 11. h4 Nxd4 12. Bxd4 Nc6 13. Bxg7 Kxg7 14. h5 g5 15. h6+ Kg8 16. Rh5 f6 17. f4 Kh8 18. fxg5 Ne7 19. g4 Qc7 20. Rf1 Ng6 21. Rxf6 Rxf6 22. gxf6 b5 23. Qd4 Qf4+ 24. Kb1 Kg8 25. Rf5 Qxh6 26. Bxe6+ Kf8 27. Qd6+ Ke8 28. f7+ 1-0

[Event "Figueira da Foz op 7th"]
[Site "Figueira da Foz"]
[Date "2010.11.04"]
[Round "6.17"]
[White "Guerreiro, Nuno M"]
[Black "Pena, Helio Adelino Silva"]
[Result "1-0"]
[WhiteElo "2103"]
[BlackElo "1924"]
[PlyCount "65"]
[EventDate "2010.10.31"]
[EventType "swiss"]
[EventRounds "9"]
[EventCountry "POR"]
[SourceTitle "EXT 2011"]
[Source "ChessBase"]
[SourceDate "2010.11.26"]
[SourceVersion "1"]
[SourceVersionDate "2010.11.26"]
[SourceQuality "1"]

1. Nf3 Nf6 2. g3 b6 3. Bg2 Bb7 4. 0-0 e6 5. d3 Be7 6. Nbd2 0-0 7. e4 d6 8. b3 Nbd7 9. Bb2 c5 10. Qe2 Qc7 11. h3 Ne8 12. Rad1 Bf6 13. Bxf6 gxf6 14. Nh2 Ne5 15. f4 Ng6 16. Qh5 f5 17. Qh6 Ng7 18. Ndf3 f6 19. Nh4 Nxh4 20. Qxh4 d5 21. exd5 exd5 22. g4 Kh8 23. Rde1 d4 24. Bxb7 Qxb7 25. g5 Qf7 26. Nf3 Nh5 27. Kf2 Rfe8 28. gxf6 Nxf6 29. Ne5 Rxe5 30. Rxe5 Rf8 31. Rg1 Ng8 32. Rg5 Ne7 33. Rxe7 1-0

[Event "Figueira da Foz op 7th"]
[Site "Figueira da Foz"]
[Date "2010.11.03"]
[Round "5.17"]
[White "Pena, Helio Adelino Silva"]
[Black "Adams, Philip"]
[Result "1/2-1/2"]
[WhiteElo "1924"]
[BlackElo "2133"]
[PlyCount "70"]
[EventDate "2010.10.31"]
[EventType "swiss"]
[EventRounds "9"]
[EventCountry "POR"]
[SourceTitle "EXT 2011"]
[Source "ChessBase"]
[SourceDate "2010.11.26"]
[SourceVersion "1"]
[SourceVersionDate "2010.11.26"]
[SourceQuality "1"]

1. d4 Nf6 2. c4 c5 3. d5 e6 4. Nc3 exd5 5. cxd5 d6 6. e4 g6 7. Bd3 Bg7 8. Nge2 0-0 9. 0-0 a6 10. a4 Nbd7 11. Bf4 Ne5 12. Bxe5 dxe5 13. Qd2 Qd6 14. Ng3 b6 15. Rae1 Re8 16. Kh1 h5 17. Rg1 Ng4 18. Nf1 Bh6 19. Qe2 Ra7 20. f3 Nf6 21. Ne3 Bxe3 22. Qxe3 Kg7 23. Rgf1 Rae7 24. Rf2 h4 25. h3 Nh5 26. Ne2 Bd7 27. b3 Bc8 28. Rc1 a5 29. Bb5 Rh8 30. Bd3 Ng3+ 31. Nxg3 hxg3 32. Rd2 f5 33. exf5 gxf5 34. Qg5+ Kf8 35. Re1 Rg8 1/2-1/2

[Event "Figueira da Foz op 7th"]
[Site "Figueira da Foz"]
[Date "2010.10.31"]
[Round "1.6"]
[White "Pena, Helio Adelino Silva"]
[Black "Petkov, Vladimir"]
[Result "0-1"]
[WhiteElo "1924"]
[BlackElo "2513"]
[PlyCount "84"]
[EventDate "2010.10.31"]
[EventType "swiss"]
[EventRounds "9"]
[EventCountry "POR"]
[SourceTitle "EXT 2011"]
[Source "ChessBase"]
[SourceDate "2010.11.26"]
[SourceVersion "1"]
[SourceVersionDate "2010.11.26"]
[SourceQuality "1"]

1. d4 Nf6 2. c4 e6 3. Nc3 d5 4. Bg5 Be7 5. e3 0-0 6. Bd3 c5 7. Nge2 cxd4 8. exd4 dxc4 9. Bxc4 a6 10. 0-0 b5 11. Bb3 Bb7 12. f3 Nc6 13. a3 Rc8 14. Bc2 Nd5 15. Qd3 g6 16. Bh6 Re8 17. Ne4 Ncb4 18. axb4 Nxb4 19. Qd1 Rxc2 20. N2c3 Qc7 21. Rc1 Rxc1 22. Qxc1 f5 23. Nf2 Qc4 24. Rd1 Bf6 25. Qd2 Rd8 26. Ne2 Nc6 27. Be3 Qb4 28. Qc2 Qd6 29. Qb3 Na5 30. Qa2 Nc4 31. Bf4 Qb6 32. b3 Na5 33. Rc1 Nc6 34. b4 Nxb4 35. Qb3 Nd5 36. Be5 Bxe5 37. dxe5 b4 38. Kf1 a5 39. Ke1 Ba6 40. Nd3 Qe3 41. Rd1 a4 42. Qc2 Nc3 0-1

[Event "Figueira da Foz op 6th"]
[Site "Figueira da Foz"]
[Date "2009.11.29"]
[Round "1"]
[White "Romanishin, Oleg M"]
[Black "Pena, Helio Adelino Silva"]
[Result "1-0"]
[WhiteElo "2503"]
[BlackElo "1930"]
[PlyCount "109"]
[EventDate "2009.11.27"]
[EventType "swiss"]
[EventRounds "9"]
[EventCountry "POR"]
[SourceTitle "CBM 133 Extra"]
[Source "ChessBase"]
[SourceDate "2010.01.05"]
[SourceVersion "1"]
[SourceVersionDate "2010.01.05"]
[SourceQuality "1"]

1. Nf3 Nf6 2. g3 g6 3. Bg2 Bg7 4. c4 c5 5. 0-0 0-0 6. d4 cxd4 7. Nxd4 Nc6 8. Nc3 Nxd4 9. Qxd4 d6 10. Qd3 Rb8 11. Be3 Bf5 12. Qd2 b6 13. Bd4 Be6 14. b3 Qd7 15. Rfd1 Rfd8 16. Rac1 Bh3 17. Bh1 Qf5 18. a4 e6 19. Bxf6 Bxf6 20. Nb5 Bg5 21. e3 Bg4 22. f3 Qc5 23. Re1 a6 24. Nc3 Bf5 25. g4 Bh4 26. Rf1 Bf6 27. gxf5 gxf5 28. f4 Kh8 29. Bf3 Rg8+ 30. Kh1 Rg7 31. Ne2 Qa3 32. Ng3 Qxb3 33. Nh5 Bb2 34. Rb1 Bc3 35. Rxb3 Bxd2 36. Nxg7 Kxg7 37. Rd1 Ba5 38. Rxd6 Rc8 39. Rc6 Rd8 40. c5 bxc5 41. Rxc5 Bd2 42. Be2 Be1 43. Rc1 Bf2 44. Kg2 Bh4 45. Rc2 a5 46. Kf1 Rd7 47. Bf3 Kg6 48. Ke2 Rd8 49. Rb5 f6 50. Rxa5 Re8 51. Rc6 Re7 52. Rb5 Kg7 53. Rcb6 Kg6 54. Rb7 Re8 55. Rb8 1-0